00580nam a22002057a 450000500170000001000130001702000100003003500130004003700160005304000120006908200130008110000220009424500500011626000450016627000620021130000210027350000200029465000380031465000220035220170124110227.0 aA-710465 c00.00 aA-710465 bCen Lib/Ret aDPLbEN a954bNEH aNehru, Jawaharlal aThe discovery of India /cby Jawaharlal Nehru aNew DelhibOxford University Pressc1989 aYMCA Library Building, Jai Singh Road bNew Delhie110001 a582p. c21cm(Hb) aIncludes index  aJawaharlal Nehru -- Autobiography aJawaharlal Nehru